Qui a créé ces personnages de littérature ? #2 - Statistiques

Statistiques générales
  • Ce quiz a été pris 365 fois
  • Le résultat moyen est 7 sur 20
Statistiques - réponses
Hint Explanation Réponse % Correct
Oliver Twist Oliver Twist (1817) Charles Dickens
77%
Meursault L'Étranger (1942) Albert Camus
63%
Le chat du Cheshire Les Aventures d'Alice au pays des merveilles (1865) Lewis Carroll
57%
Poil de Carotte Poil de Carotte (1894) Jules Renard
53%
Mademoiselle de Chartres La Princesse de Clèves (1678) Marie-Madeleine de La Fayette
53%
Elizabeth Bennet Orgueil et Préjugés (1813) Jane Austen
51%
Étienne Lantier Germinal (1885) Emile Zola
49%
Aslan Le Monde de Narnia (1950) C. S. Lewis
43%
Lemuel Gulliver Les Voyages de Gulliver (1726) Jonathan Swift
43%
Raphaël de Valentin La Peau de chagrin (1831) Honoré de Balzac
30%
Jim Hawkins L'Île au trésor (1883) Robert Louis Stevenson
28%
Hannibal Lecter Dragon Rouge (1981) Thomas Harris
22%
Lestat de Lioncourt Entretien avec un vampire (1976) Anne Rice
20%
Eragon Eragon (2003) Christopher Paolini
20%
Le Lion Peureux Le Magicien d'Oz (1900) Lyman Frank Baum
16%
Alex DeLarge L'Orange mécanique (1962) Anthony Burgess
10%
Dumbo Dumbo (1939) Helen Aberson
10%
Thomas J. Ward L'Épouvanteur (2004) Joseph Delaney
10%
Anton Voyl La Disparition (1969) Georges Perec
8%
Lauren Kline Et si c'était vrai... (2000) Marc Levy
8%
Aucun quiz correspondant
Distribution des résultats
% des personnes avec chaque résultat
Percentile par nombre de réponses
Votre historique - résultats
Vous n’avez pas pris ce quiz